| 000 | 01126cam a2200325 a 4500 | ||
|---|---|---|---|
| 003 | CHAP | ||
| 005 | 20220329142120.0 | ||
| 008 | 990810d1988 mx r 00010 spa d | ||
| 010 | _a78668 | ||
| 011 | _a79640 | ||
| 020 | _a9686664173 | ||
| 035 | _a90012 | ||
| 040 | _cCHAP | ||
| 082 | 0 | 4 |
_a338.972 _bS62 |
| 100 | 1 |
_aSolís Manjarrez, Leopoldo. _9108445 |
|
| 245 | 1 | 0 |
_aIntento de la reforma económica de México _c/por Leopoldo Solís |
| 260 |
_aMéxico, D.F. : _bEl Colegio de Nacional, _c1988. |
||
| 300 | _a285 p. | ||
| 590 |
_aBATCH-UPD _b10 _c20130110 _lUCH01 _h0856 |
||
| 590 |
_aBATCH-UPD _b10 _c20130410 _lUCH01 _h0527 |
||
| 590 |
_aBATCH-UPD _b10 _c20130914 _lUCH01 _h1931 |
||
| 590 |
_aCONVERSION _b10 _c20130109 _lUCH01 _h1344 |
||
| 650 | 1 | 4 |
_aPolítica económica _zMéxico. _990535 |
| 901 | _aBK | ||
| 905 | _aBlanca M. García O. | ||
| 942 | _cLIBRO | ||
| 949 |
_a338.972 S62 _bBC _cLIBRO _d33724000736245 _eLIBRO _h96087 _i90012 _si |
||
| 949 |
_a338.972 S62 _bBC _cLIBRO _d33724000754388 _eLIBRO _fc.2 _gI. c/e _h96050 _i90012 _si _t29.00 |
||
| 949 |
_a338.972 S62 _bBC _cLIBRO _d33724002037223 _eLIBRO _fc.3 _h108759 _i90012 _sb |
||
| 999 |
_c78668 _d78668 |
||